000 00616nam a2200205Ia 4500
003 OSt
005 20221005120255.0
006 a|||||r|||| 00| 0
007 ta
008 221004b |||||||| |||| 00| 0 eng d
024 _a26827
037 _cTextual
040 _aCRL
_cCRL
_beng
041 _2eng
_aeng
082 _a98(V).7aN60<-M73, K5
245 0 _aDissertations in history
_b An index to dissertations completed in history departments of United states and Candian universities. 1873-1960
260 _c1960
942 _h98(V).7aN60<-M73, K5
_cTEXL
_2cc
999 _c1037506
_d1037506